000 00419nmm a2200145Ia 4500
008 251105s9999||||xx |||||||||||||||||und||
041 _aspa
100 _aAnderson, Natalie
245 0 _aAmante habitual
264 _a[Madrid, España] :
_bHarlequin,
_c[Fecha de publicación no identificada]
300 _a0 páginas
650 _aRomance
856 _uhttps://public.digitaliapublishing.com/a/93729
942 _cCF
999 _c102261
_d102261